Statistiken für Die 50 häufigsten Verben der deutschen Sprache

Klicken Sie hier um das Quiz zu spielen!

Allgemein

  • Dieses Quiz wurde 4.598 mal gespielt
  • Das Durchschnittsergebnis liegt bei 17 aus 50

Antwortstatistiken

#Verb% Korrekt
12gehen
91%
1sein
89%
7machen
81%
2haben
78%
23tun
73%
4können
65%
6sagen
62%
14sehen
60%
3werden
60%
11wollen
59%
34fahren
55%
31sprechen
53%
40spielen
51%
5müssen
48%
8geben
47%
16stehen
45%
41arbeiten
41%
21denken
41%
22nehmen
40%
44lernen
37%
19liegen
37%
28mögen
36%
10sollen
36%
13wissen
33%
24dürfen
32%
36fragen
31%
9kommen
31%
33leben
31%
17finden
29%
15lassen
24%
25glauben
21%
26halten
20%
42brauchen
18%
32bringen
18%
48bekommen
17%
37kennen
16%
20heißen
15%
39stellen
15%
18bleiben
13%
35meinen
13%
27nennen
13%
29zeigen
12%
50erzählen
10%
47setzen
10%
46verstehen
9%
49beginnen
8%
30führen
6%
43folgen
5%
45bestehen
2%
38gelten
2%

Verteilung der Resultate

Perzentil nach korrekt beantworteten Fragen

Anzahl Personen mit jedem Resultat

Ihre Resultats-Entwicklung

Sie haben dieses Quiz noch nicht gespielt